| 000 | 00468nam a22001697a 4500 | ||
|---|---|---|---|
| 003 | OSt | ||
| 005 | 20160128173754.0 | ||
| 008 | 151214b xxu||||| |||| 00| 0 eng d | ||
| 020 | _a9789966259592 | ||
| 050 | _aPS 3554 .E4427A94 2014 | ||
| 100 |
_aAyele Gebeyehu. _d2014. |
||
| 245 |
_aEscape/ _cGebeyehu Ayele. |
||
| 260 |
_aethiopia; _beast african educational publishers l.t.d _c2014 |
||
| 300 | _avii.123p. | ||
| 650 | _aself actualization | ||
| 942 |
_2lcc _cREF_BOOK |
||
| 999 |
_c10971 _d10971 |
||